|
|
|
|
| LEADER |
00000naa2a2200000 4500 |
| 001 |
625134 |
| 005 |
20231101133340.0 |
| 035 |
|
|
|a (RuTPU)RU\TPU\conf\24394
|
| 035 |
|
|
|a RU\TPU\conf\24380
|
| 090 |
|
|
|a 625134
|
| 100 |
|
|
|a 20171207d2017 k y0rusy50 ca
|
| 101 |
0 |
|
|a rus
|
| 102 |
|
|
|a RU
|
| 105 |
|
|
|a y z 100zy
|
| 135 |
|
|
|a drgn ---uucaa
|
| 181 |
|
0 |
|a i
|
| 182 |
|
0 |
|a b
|
| 200 |
1 |
|
|a Изучение химико-минералогического состава каолинов месторождения "Альянс" и их керамико-технологические свойства
|f А. А. Эминов
|g науч. рук. М. И. Искандарова
|
| 203 |
|
|
|a Текст
|c электронный
|
| 225 |
1 |
|
|a Комплексное использование минерального сырья
|
| 230 |
|
|
|a 1 компьютерный файл (pdf; 416 Kb)
|
| 300 |
|
|
|a Заглавие с экрана
|
| 320 |
|
|
|a [Библиогр.: с. 447 (2 назв.)]
|
| 461 |
|
1 |
|0 (RuTPU)RU\TPU\conf\21932
|t Проблемы геологии и освоения недр
|o труды XXI Международного симпозиума имени академика М. А. Усова студентов и молодых ученых, посвященного 130-летию со дня рождения профессора М. И. Кучина, Томск, 3-7 апреля 2017 г.
|o в 2 т.
|f Национальный исследовательский Томский политехнический университет (ТПУ), Институт природных ресурсов (ИПР) ; под ред. А. С. Боева
|d 2017
|
| 463 |
|
1 |
|0 (RuTPU)RU\TPU\conf\21938
|t Т. 2
|v [С. 445-447]
|d 2017
|
| 610 |
1 |
|
|a электронный ресурс
|
| 610 |
1 |
|
|a химико-минералогический состав
|
| 610 |
1 |
|
|a каолины
|
| 610 |
1 |
|
|a керамические свойства
|
| 610 |
1 |
|
|a технологические свойства
|
| 610 |
1 |
|
|a керамические изделия
|
| 610 |
1 |
|
|a вещественный состав
|
| 610 |
1 |
|
|a химический состав
|
| 700 |
|
1 |
|a Эминов
|b А. А.
|
| 702 |
|
1 |
|a Искандарова
|b М. И.
|4 727
|
| 712 |
0 |
2 |
|a Институт общей и неорганической химии Академии наук Республики Узбекистан, г. Ташкент, Узбекистан
|
| 801 |
|
2 |
|a RU
|b 63413507
|c 20171212
|g RCR
|
| 856 |
4 |
|
|u http://earchive.tpu.ru/handle/11683/45100
|
| 942 |
|
|
|c BK
|